000 01331cam a2200217 4500
001 ABS@61468
008 040625n2004 000 0 eng u
035 _a(Sirsi) u126609
100 _aHadjimilitis, A.
245 _aEuropean public procurement and construction implementation in Cyprus
260 _c2004
490 _aInternational Construction Law Review
_v21(2) April 2004, 197-229(33)
520 _aThree articles looking at construction procurement and implementation in Cyprus, which became a member of the European Union on 1 May 2004. Part I considers how European procurement laws will be implemented and their impact on the country's construction industry. Part II briefly describes the background to the legal system and construction industry in Cyprus. Part III traces the history of public procurement in Cyprus. Table I lists Cypriot laws and regulations in force before implementation, Table 2 sets out implementation measures of Cyprus by analogy with EU Directives. Part IV deals with enforcement and remedies. Part V assesses the impact upon the Cypriot construction industry.
590 _aABS
590 _aABS
650 _aCYPRUS
650 _aPUBLIC PROCUREMENT DIRECTIVES
650 _aPFI
690 _aBUILDING AND CONSTRUCTION-PROCUREMENT, PARTNERING, TENDERING-CASE LAW
942 _n0
999 _c117598
_d117598